Minecraft blocks 2 - Statistics

General Stats
  • This quiz has been taken 153 times
    143 since last reset
  • The average score is 10 of 15
Answer Stats
Hint Blocks % Correct
Most valubale ore Diamond
98%
Smelt with this ore Coal
95%
Makes decent armor Iron
91%
You drink this in real life Water
83%
least valuable ore Gold
82%
You dont wanna swim in here Lava
81%
This is what is on dirt Grass
64%
In caves Stone
61%
in deserts Sand
60%
Used for contractions Redstone
55%
you build a snowman with this block Snow
48%
You walk on this Dirt
47%
hangs on tree branches Leaves
47%
used for building Wood
47%
Its everywhere in the nether Netherack
38%
No matching quizzes found
Score Distribution
Percent of People with Each Score
Percentile by Number Answered
Your Score History
You have not taken this quiz since the last reset